000
00331nam a2200133Ia 4500
008
150201s2008 xx 000 0 und d
082
_a
616
_b
T08D
100
_a
DHINGRA,VK
245
_a
TUBERCULOSIS: TRATMENT & PREVENTION
250
_a
1ST
260
_b
PEEPEE
_a
DELHI
_c
2008
650
_a
MEDICINE AND DIAGNOSIS
942
_2
ddc
_c
BK
_0
5
999
_c
607
_d
607